Catalog

Record Details

Catalog Search



Short and tall  Cover Image Book Book

Short and tall / written by Eric Furman ; [with] Eric Carle illustrations.

Furman, Eric, (author.). Carle, Eric, (illustrator.).

Record details

  • Physical Description: 20 unnumbered pages : color illustrations ; 20 cm.
  • Publisher: Lincolnwood, Illinois : Publications International, ©2013.

Content descriptions

General Note:
Designed to be used with "My First Smart Pad to hear letters, words, sounds, and melodies associated with the stories, and to answer questions."
Subject: Size judgment > Juvenile literature.
Stature > Juvenile literature.
Body size > Juvenile literature.

LDR 01269nam a2200325Ii 4500
001145879
003CONS
00520180227122724.0
008150407s2013 ilua j 000 0 eng d
035 . ‡a(CPomAG)LMN604402
08214. ‡a428
1001 . ‡aFurman, Eric, ‡eauthor.
24510. ‡aShort and tall / ‡cwritten by Eric Furman ; [with] Eric Carle illustrations.
2463 . ‡aShort & tall
264 1. ‡aLincolnwood, Illinois : ‡bPublications International, ‡c©2013.
300 . ‡a20 unnumbered pages : ‡bcolor illustrations ; ‡c20 cm.
336 . ‡atext ‡btxt ‡2rdacontent
337 . ‡aunmediated ‡bn ‡2rdamedia
338 . ‡avolume ‡bnc ‡2rdacarrier
4901 . ‡aThe world of Eric Carle.
4900 . ‡aMy first Smart Pad
500 . ‡aDesigned to be used with "My First Smart Pad to hear letters, words, sounds, and melodies associated with the stories, and to answer questions."
650 0. ‡aSize judgment ‡vJuvenile literature.
650 0. ‡aStature ‡vJuvenile literature.
650 0. ‡aBody size ‡vJuvenile literature.
7001 . ‡aCarle, Eric, ‡eillustrator.
8001 . ‡aCarle, Eric. ‡tWorld of Eric Carle.
914 . ‡aSCP_kt
959 . ‡i32269001047052 ‡lE Car ‡aJuvenile - Easy ‡tEasy ‡g5.00
852 . ‡p32269001047052 ‡jE Car ‡gJuvenile - Easy ‡cEasy ‡y5.00 ‡bSBPL
901 . ‡a145879 ‡bUnknown ‡c145879 ‡tbiblio

Additional Resources